000 00502nam a2200205 a 4500
001 0001-1521
003 ELIB.Books
008 170519 2010 eng
020 _a0023801557
092 _a808.042
_bMei
100 _aMeiser, Mary
245 _aGood Writing!
260 _aMassachusetts
_bAllyn and Bacon
_c1995
300 _a387
_c23 cm
650 _aEnglish Language
942 _2ddc
_cBK
990 _a1
998 _aEnglishbooks.elf
_ccat
_e2017-05-19
999 _c11521
_d11521